Správanie sa spotrebiteľa: značkový tovar a vlastná značka diplomová práca

Gespeichert in:
Bibliographische Detailangaben
1. Verfasser: Halagová, Martina
Körperschaft: Podnikovohospodárska fakulta EU so sídlom v Košiciach. Katedra hospodárskej informatiky a matematiky
Weitere Verfasser: Lyócsa, Štefan, 1982-
Format: Buch
Sprache:Slowakisch
Veröffentlicht: Košice 2011
Tags: Tag hinzufügen
Keine Tags, Fügen Sie das erste Tag hinzu!

MARC

LEADER 00000nbm a2200000 4500
001 0130486
005 20161109101538.0
041 0 |a slo 
044 |a SK 
245 1 0 |a Správanie sa spotrebiteľa: značkový tovar a vlastná značka  |b diplomová práca  |c Martina Halagová ; školiteľ: Štefan Lyócsa 
264 1 |a Košice  |c 2011 
300 |a 79 s. 
100 1 |a Halagová, Martina 
700 1 |a Lyócsa, Štefan, 1982- 
710 2 |a Podnikovohospodárska fakulta EU so sídlom v Košiciach. Katedra hospodárskej informatiky a matematiky